[Event "Katowice op"]
[Site "Katowice"]
[Date "1993.??.??"]
[Round "7"]
[White "Shtyrenkov, Veniamen"]
[Black "Pedersen, Steffen"]
[Result "0-1"]
[WhiteElo "2465"]
[BlackElo "2390"]

1.e4 d6 2.d4 Nf6 3.Nc3 e5 4.Nf3 Nbd7 5.Bc4 Be7 6.O-O O-O 7.h3 c6 8.a4 a5
9.Re1 h6 10.Be3 Re8 11.Ba2 Bf8 12.Nh4 d5 13.dxe5 Nxe4 14.Nxd5 Nxe5 15.Nb6 Qxh4
16.Nxa8 Bxh3 17.Qe2 Bg4 18.f3 Ng3 19.Qd1 Bxf3  0-1

[Event "Katowice op"]
[Site "Katowice"]
[Date "1993.??.??"]
[Round "8"]
[White "Biolek, Richard"]
[Black "Nikitin, Aleksander S"]
[Result "1-0"]
[WhiteElo "2420"]
[BlackElo "2420"]

1.e4 d6 2.d4 Nf6 3.Nc3 c6 4.f4 Qa5 5.Bd3 e5 6.dxe5 dxe5 7.f5 b5 8.Be3 Nbd7
9.Nh3 b4 10.Nb1 Bc5 11.Qe2 Qb6 12.Bf2 Bxf2+ 13.Nxf2 Nc5 14.Bc4 Ba6 15.Nd2 O-O-O
16.O-O-O Bxc4 17.Nxc4 Qc7 18.Qe3 Na6 19.Qg3 Nc5 20.Qxe5 Qxe5 21.Nxe5 Nfxe4
22.Nxe4 Nxe4 23.Nxc6 Rxd1+ 24.Rxd1 g6 25.Nxa7+ Kb7 26.Nb5 gxf5 27.Nd6+ Nxd6
28.Rxd6 Rg8 29.g3 f4 30.gxf4 Rg2 31.Rd4 Rxh2 32.Rxb4+ Kc6 33.Rc4+ Kb6 34.Re4 Rf2
35.Re5 Rxf4 36.Rh5 Rf2 37.Rxh7 f5 38.Rf7 f4 39.Rf5 f3 40.b4  1-0

[Event "Katowice op"]
[Site "Katowice"]
[Date "1993.??.??"]
[Round "9"]
[White "Markowski, Tomasz"]
[Black "Pedersen, Steffen"]
[Result "1-0"]
[WhiteElo "2450"]
[BlackElo "2390"]

1.e4 d6 2.d4 Nf6 3.Nc3 e5 4.Nf3 Nbd7 5.Bc4 Be7 6.O-O O-O 7.Re1 c6 8.a4 a5
9.Ba2 h6 10.h3 Re8 11.Be3 Bf8 12.dxe5 dxe5 13.Qd3 Bb4 14.Qc4 Qe7 15.Nh4 Nc5
16.Bxc5 Bxc5 17.Ng6 Qd6 18.Qxf7+ Kh7 19.Rad1 Bd4 20.Nh4 Qc5 21.Re2 Rf8 22.Qg6+ Kh8
23.Qg3 Kh7 24.Ng6 Rd8 25.Rd3 Qd6 26.Nxe5 g5 27.h4 Nh5 28.Qf3 Nf4 29.Rxd4 Qxd4
30.Nf7 Rf8 31.hxg5 Nxe2+ 32.Nxe2 Qxb2 33.Qh5 Qa1+ 34.Kh2 Qg7 35.Nf4 Rxf7
36.g6+ Kh8 37.gxf7 Bd7 38.e5  1-0

[Event "Kecskemet2"]
[Site "Kecskemet"]
[Date "1993.??.??"]
[Round "7"]
[White "Meszaros, Gyorgy"]
[Black "Shvidler, Eliahu"]
[Result "1-0"]
[WhiteElo "2200"]
[BlackElo "2415"]

1.d4 Nf6 2.Nc3 d6 3.e4 c6 4.f3 Nbd7 5.Be3 e5 6.Qd2 Be7 7.O-O-O O-O 8.g4 b5
9.Nce2 Nb6 10.dxe5 Nc4 11.Qc3 Nxe3 12.Qxe3 Nxg4 13.fxg4 Bg5 14.Nf4 Qb6 15.Qf3 dxe5
16.Nh3 Bxf4+ 17.Nxf4 exf4 18.Qxf4 Be6 19.h4 Qa5 20.a3 b4 21.Rh3 Rab8 22.Be2 Rfe8
23.Qg5 Qb6 24.Qe3 Qa5 25.Qg5 c5 26.c4 bxc3 27.Rxc3 Qb6 28.Rd2 c4 29.Qe3 Qc7
30.Kb1 Rb6 31.Qd4 Qf4 32.e5 Qh2 33.h5 Qh1+ 34.Kc2 Qb7 35.Bxc4 h6 36.Bxe6 Rbxe6
37.Rc5 Qe7 38.Re2 Rb6 39.Qd5 Rd8 40.Qc4 Re6 41.Rc7 Rd7 42.Rc8+ Rd8 43.Rc5 Rd7
44.Rc8+ Rd8 45.Rd2 Re8 46.Rc7 Qf8 47.Rdd7 R6e7 48.Rxa7 Rxd7 49.Rxd7 Rxe5
50.Qd4 Re8 51.Qd6 Qxd6 52.Rxd6 Re4 53.Rd8+ Kh7 54.b4 Rxg4 55.b5 Rg5 56.b6 Rb5
57.Rd6 f5 58.a4 Rb4 59.Kd3 Rb1 60.a5  1-0

[Event "Kurgan"]
[Site "Kurgan"]
[Date "1993.??.??"]
[Round "?"]
[White "Asanov, Bolat"]
[Black "Chuprov, A."]
[Result "1/2-1/2"]
[WhiteElo "2385"]
[BlackElo "2405"]

1.e4 d6 2.d4 Nf6 3.Nc3 e5 4.Nf3 Nbd7 5.g3 g6 6.Bg2 Bg7 7.O-O O-O 8.h3 c6
9.Be3 Re8 10.dxe5 dxe5 11.Qd3 Qc7 12.Rfd1 Bf8 13.Qc4 Nb6 14.Qe2 Nfd7 15.Nh2 Nc5
16.Ng4 Bxg4 17.Qxg4 Rad8 18.Rxd8 Rxd8 19.Rd1 Ne6 20.Rxd8 Qxd8 21.Qd1 Qc7
22.h4 Nc4 23.Bc1 Nd4 24.Bf1 Nd6 25.Ne2 Nxe2+ 26.Qxe2 Qa5 27.a3 Qa4 28.Bg2 Nb5
29.Qd3 Nd4 30.b3 Qa5 31.b4 Qa4 32.c3 Ne6 33.Bh3 Qb3 34.Bxe6 Qxe6 35.Qd8 Qe7
36.Qa8 Kg7 37.Qxa7 Qd7 38.Qe3 Qd1+ 39.Kg2 Qc2 40.h5 b5 41.Kh2 Kg8 42.h6 Bxh6  1/2-1/2

[Event "La Coruna op"]
[Site "La Coruna"]
[Date "1993.??.??"]
[Round "?"]
[White "Jurkovic, Ante"]
[Black "Strikovic, Aleksa"]
[Result "0-1"]
[WhiteElo "2290"]
[BlackElo "2465"]

1.e4 d6 2.d4 Nf6 3.Nc3 e5 4.Nf3 Nbd7 5.Bc4 Be7 6.O-O O-O 7.a4 c6 8.dxe5 dxe5
9.Qe2 a5 10.Nd1 Qc7 11.Bg5 Nc5 12.Nd2 h6 13.Bxf6 Bxf6 14.Nb3 Ne6 15.Bxe6 Bxe6
16.Nc5 Bc8 17.Ne3 g6 18.Rfd1 b6 19.Nd3 Be6 20.Ng4 Bg7 21.Ne3 Rfd8 22.b3 Rd4
23.f3 Rad8 24.c3 R4d7 25.Nc4 b5  0-1

[Event "Las Palmas"]
[Site "Las Palmas"]
[Date "1993.??.??"]
[Round "5"]
[White "Adams, Michael"]
[Black "Azmaiparashvili, Zurab"]
[Result "1-0"]
[WhiteElo "2630"]
[BlackElo "2655"]

1.e4 d6 2.d4 Nf6 3.Nc3 e5 4.Nf3 exd4 5.Nxd4 Be7 6.Be2 O-O 7.O-O Re8 8.Re1 h6
9.a4 Bf8 10.Bc4 Nc6 11.Be3 Nb4 12.Nd5 Nbxd5 13.exd5 Bd7 14.h3 c6 15.Qf3 c5
16.Nb5 a6 17.Nc3 b6 18.Bd3 g6 19.Bf4 Nh5 20.Bd2 Nf6 21.Rxe8 Nxe8 22.Re1 Bg7
23.Bf4 Bxc3 24.bxc3 Qf6 25.Qg3 g5 26.Bd2 Ng7 27.f4 Nh5 28.fxg5 hxg5 29.Qxg5+ Qxg5
30.Bxg5 Bxa4 31.Re4 Be8 32.Be7 f5 33.Re1 Nf4 34.Bxf5 Nxd5 35.Bxd6 Bf7 36.c4 Nf6
37.Rb1 Ne8 38.Be5 a5 39.Rxb6 a4 40.Be4 Ra7 41.Rh6 Kf8 42.Bd5 Bxd5 43.cxd5 Re7
44.Bb2 Re2 45.d6 Rd2 46.Ba3 Kg7 47.Rh4 Nxd6 48.Bxc5 Nf5 49.Rxa4 Rxc2 50.Bf2 Rc1+
51.Kh2 Rc2 52.Rf4 Kg6 53.g4 Ne3 54.Kg3 Nf1+ 55.Kg2 Ne3+ 56.Kf3 Nd5 57.Rf5 Rc3+
58.Kg2 Rd3 59.Rf3 Rd2 60.Kg3 Nf6 61.Re3 Ra2 62.Kf3 Ra4 63.Rd3 Kf7 64.Bd4 Nd5
65.Be3 Ke6 66.h4 Ke5 67.Bg5 Ra8 68.h5 Rg8 69.Bc1 Ke6 70.Bb2 Rf8+ 71.Kg3 Rf1
72.Rf3 Rg1+ 73.Kh4 Rh1+ 74.Kg5 Ke7 75.h6  1-0

[Event "Las Palmas-C"]
[Site "Las Palmas"]
[Date "1993.??.??"]
[Round "5"]
[White "Solana Suarez, Ernesto"]
[Black "Strikovic, Aleksa"]
[Result "1/2-1/2"]
[WhiteElo "2335"]
[BlackElo "2465"]

1.d4 d6 2.e4 Nf6 3.Nc3 e5 4.Nf3 Nbd7 5.Bc4 Be7 6.O-O O-O 7.Re1 c6 8.a4 a5
9.h3 h6 10.Ba2 Re8 11.Be3 Qc7 12.Qd2 Nf8 13.Rad1 Bd7 14.dxe5 dxe5 15.Bxh6 gxh6
16.Qxh6 N6h7 17.Bxf7+ Kxf7 18.Rxd7 Nxd7 19.Qxh7+ Kf8 20.Qh6+  1/2-1/2

[Event "Las Palmas3"]
[Site "Las Palmas"]
[Date "1993.??.??"]
[Round "8"]
[White "Yudasin, Leonid"]
[Black "Dao Thien Hai"]
[Result "1-0"]
[WhiteElo "2605"]
[BlackElo "2565"]

1.e4 d6 2.d4 Nf6 3.Nc3 e5 4.dxe5 dxe5 5.Qxd8+ Kxd8 6.Bc4 Be6 7.Bxe6 fxe6
8.f3 Nc6 9.Be3 Bd6 10.Nh3 Ke7 11.O-O-O a6 12.Nf2 h6 13.Nd3 Rhf8 14.Rd2 Nh5
15.Rhd1 Nf4 16.Nc5 Rab8 17.Kb1 Rfd8 18.Nd3 Nxd3 19.Rxd3 Bb4 20.Na4 Rxd3 21.Rxd3 Rd8
22.Rxd8 Nxd8 23.Nc5 Bxc5 24.Bxc5+ Kf6 25.Kc1 Nc6 26.Kd2 Kf7 27.Kd3 h5 28.Be3 g6
29.Kc4 Ke7 30.Kc5 Kd7 31.Bf2 Nd8 32.a4 b6+ 33.Kc4 Kc6 34.Bh4 Nf7 35.Bf6 Nd6+
36.Kb4 Nf7 37.Kc4 Nd6+ 38.Kd3 Nf7 39.Bh4 Kd6 40.Be1 Kd7 41.Bc3 Kd6 42.Ke3 Kc5
43.Kf2 c6 44.g4 h4 45.Bd2 g5 46.Be3+ Kb4 47.Bxb6 Kxa4 48.Bc5 Kb5 49.Be7 Kb6
50.Ke3 Kc7 51.Kd3 Kd7 52.Bf6 c5 53.Kc4 Kc6 54.h3 Nd6+ 55.Kb3 Nf7 56.Ka4 Kb6
57.Be7 Kc6 58.Ka5 Kb7 59.c4  1-0

[Event "Leeuwarden op"]
[Site "Leeuwarden"]
[Date "1993.??.??"]
[Round "2"]
[White "Klip, Hans"]
[Black "Hauke, Christian"]
[Result "1/2-1/2"]
[WhiteElo "2340"]
[BlackElo "2235"]

1.e4 d6 2.d4 Nf6 3.Nc3 e5 4.Nf3 Nbd7 5.Bc4 Be7 6.O-O O-O 7.h3 c6 8.a4 b6
9.Qe2 a6 10.Rd1 Qc7 11.d5 cxd5 12.Bxd5 Rb8 13.Nh4 Nc5 14.Ra3 Nfxe4 15.Nxe4 Bxh4
16.Nxd6 Be6 17.Qxe5 Nd7 18.Qf4 g5 19.Qd2 Qxd6 20.Bxe6 Qxe6 21.Qxd7 Rbd8 22.Qxd8 Rxd8
23.Rxd8+ Kg7 24.Be3 g4 25.Rd4 h5 26.hxg4 Bf6 27.Rb4 Be7 28.Rxb6 Qxg4 29.Rd3 Qxa4
30.Rb7 Qxc2 31.Rdd7 Bf6 32.Rxf7+ Kg6 33.Rh7 Qd1+ 34.Kh2 Be5+ 35.g3 Bxg3+
36.Kg2 Qg4 37.Rh6+ Kf5  1/2-1/2

[Event "Leeuwarden op"]
[Site "Leeuwarden"]
[Date "1993.??.??"]
[Round "3"]
[White "Kupreichik, Viktor D"]
[Black "Hartoch, Robert G"]
[Result "1/2-1/2"]
[WhiteElo "2535"]
[BlackElo "2345"]

1.e4 d6 2.d4 Nf6 3.Nc3 e5 4.Bg5 Be7 5.Nf3 Nbd7 6.Bc4 O-O 7.O-O c6 8.a4 h6
9.Bh4 Nh5 10.Bxe7 Qxe7 11.Re1 Rd8 12.g3 Nf8 13.Nh4 Nf6 14.Bb3 exd4 15.Qxd4 Ne6
16.Qe3 Ng4 17.Nf5 Qg5 18.Qe2 Nc5 19.h4 Qh5 20.Ne7+ Kf8 21.Nxc8 Raxc8 22.Bc4 a5
23.Rad1 Qg6 24.Kg2 Re8 25.f3 Ne5 26.f4 Nxc4 27.Qxc4 b6 28.Qd4 Rcd8 29.Re2 f5
30.Rde1 fxe4 31.Nxe4 Nxe4 32.Rxe4 Rxe4 33.Rxe4 Re8 34.f5 Rxe4 35.Qxe4 Qh5
36.Qxc6 Qe2+ 37.Kh3 Qf1+ 38.Kg4 Qe2+ 39.Kf4 Qe5+ 40.Kf3 Qxf5+ 41.Kg2 Ke7
42.Qc7+ Ke6 43.Qc8+ Ke5 44.Qc3+ Ke6 45.Qc4+ Ke5 46.Qb5+ Kf6 47.Qc6 Ke7 48.Qc3 Ke6
49.Qe3+ Kd5 50.Qd2+ Ke5  1/2-1/2

[Event "Leeuwarden op"]
[Site "Leeuwarden"]
[Date "1993.??.??"]
[Round "9"]
[White "Schmittdiel, Eckhard"]
[Black "Hauke, Christian"]
[Result "1-0"]
[WhiteElo "2410"]
[BlackElo "2235"]

1.e4 d6 2.d4 Nf6 3.Nc3 e5 4.Nf3 Nbd7 5.g3 Be7 6.Bg2 O-O 7.O-O c6 8.a4 a5
9.b3 Qc7 10.Bb2 Re8 11.Re1 Bf8 12.Qd2 Nb6 13.h3 h6 14.Rad1 g6 15.Ba3 Kg7
16.Qc1 Nh5 17.Ne2 Kh7 18.g4 Ng7 19.c4 Ne6 20.Qa1 exd4 21.Nfxd4 Nc5 22.Qb1 Nbd7
23.f4 Bg7 24.Bf3 b6 25.Kg2 Bb7 26.Bb2 Nxe4 27.h4 Ndc5 28.h5 Kg8 29.hxg6 fxg6
30.Ng3 d5 31.cxd5 cxd5 32.Nge2 Rad8 33.Rh1 Qf7 34.f5 g5 35.Nb5 Rd7 36.Rh3 Rde7
37.Bxg7 Qxg7 38.Qa2 Rf7 39.Rdh1 Rf6 40.Qc2 Nd6 41.Ng3 d4 42.Nh5 Qe7 43.Nxf6+ Qxf6
44.Bxb7 d3 45.Bd5+ Kf8 46.Rxd3 Nxd3 47.Qxd3 Qb2+ 48.Kg3 Qe5+ 49.Kh3 Qf4 50.Be6 Ne4
51.Rf1 Nf2+ 52.Rxf2 Qxf2 53.Qd6+ Kg7 54.Qd7+ Kf6 55.Qf7+ Ke5 56.Qc7+  1-0

[Event "Lenk-J"]
[Site "Lenk"]
[Date "1993.??.??"]
[Round "2"]
[White "Oratovsky, Michael"]
[Black "Ruf, Matthias"]
[Result "1-0"]
[WhiteElo "2335"]
[BlackElo "2425"]

1.e4 d6 2.d4 Nf6 3.Nc3 Nbd7 4.f4 e5 5.Nf3 c6 6.Be3 Qa5 7.Bd3 g6 8.Qd2 Ng4
9.Bg1 Bh6 10.g3 O-O 11.h3 Ngf6 12.Be3 Nh5 13.Rg1 Bg7 14.O-O-O Re8 15.Kb1 Nf8
16.fxe5 dxe5 17.dxe5 Bh8 18.g4  1-0

[Event "Lenk-J"]
[Site "Lenk"]
[Date "1993.??.??"]
[Round "7"]
[White "Leutwyler, Martin"]
[Black "Oratovsky, Michael"]
[Result "0-1"]
[WhiteElo "2245"]
[BlackElo "2355"]

1.d4 d6 2.e4 Nf6 3.Nc3 c6 4.a4 Qa5 5.Bd2 Qc7 6.h3 e5 7.Nf3 Be7 8.Bd3 a5 9.O-O O-O
10.Be3 Na6 11.Na2 exd4 12.Nxd4 d5 13.exd5 Nxd5 14.Bd2 Nc5 15.Nc3 Rd8 16.Qe2 Nb4
17.Be3 Ncxd3 18.cxd3 Bf6 19.Rfd1 Bxh3 20.Nf3 Bg4  0-1

[Event "POL-chT"]
[Site "Lubniewice"]
[Date "1993.??.??"]
[Round "?"]
[White "Kaminski, Marcin"]
[Black "Ciemniak, Robert"]
[Result "0-1"]
[WhiteElo "2450"]
[BlackElo "2415"]

1.e4 d6 2.d4 Nf6 3.Nc3 c6 4.f4 Qa5 5.Bd3 e5 6.Nf3 Bg4 7.Be3 exd4 8.Bxd4 Qb4
9.Bxf6 gxf6 10.Qd2 Bxf3 11.gxf3 Nd7 12.O-O-O O-O-O 13.Ne2 Qxd2+ 14.Kxd2 Bh6
15.Ke3 Nc5 16.Rhg1 f5 17.exf5 Nd7 18.c4 Nf6 19.Kf2 Rhe8 20.Bc2 d5 21.cxd5 Bf8
22.Rge1 Bc5+ 23.Kg3 Nxd5 24.Be4 Rg8+ 25.Kh3 Rd6 26.f6 Rxf6  0-1

[Event "POL-chT"]
[Site "Lubniewice"]
[Date "1993.??.??"]
[Round "?"]
[White "Pilarska, Czeslawa"]
[Black "Wiliczkiewicz, Zdzislawa"]
[Result "1-0"]
[WhiteElo "2210"]
[BlackElo "2015"]

1.e4 d6 2.d4 Nf6 3.Nc3 e5 4.Nf3 Nbd7 5.Be2 Be7 6.O-O O-O 7.h3 c6 8.a4 Re8
9.a5 Bf8 10.Bg5 Qc7 11.Re1 g6 12.Bc4 Bg7 13.Qd2 exd4 14.Nxd4 Nc5 15.f3 b5
16.axb6 Qxb6 17.Be3 Qc7 18.Nce2 Bb7 19.b4 Ncd7 20.Nc1 Ne5 21.Bf1 Nh5 22.Bf2 Nf6
23.Ncb3 d5 24.exd5 Nxd5 25.f4 Nd7 26.Rxe8+ Rxe8 27.Rxa7 Nxf4 28.Rxb7 Qxb7
29.Qxf4 Qxb4 30.Qc7 Ne5 31.Nxc6 Nxc6 32.Qxc6 Rd8 33.Qc5 Qf4 34.Qe3 Qd6 35.Qf3 Rc8
36.c4 Be5 37.c5 Qe6 38.Nd4 Qd7 39.Nb5 Qe6 40.Nd4 Qd7 41.Ne2 Rc6 42.Ng3 Rc8
43.Ne4 Kg7 44.g4 h6 45.Kg2 Qe6 46.Be2 Rb8 47.Qd3 Rb4 48.Bf3 Rb3 49.Qd1 Ra3
50.Nd6 h5 51.Bd5 Qd7 52.Nc4 Ra1 53.Nxe5 Rxd1 54.Nxd7 Rxd5 55.c6 Rd2  1-0

[Event "POL-chT"]
[Site "Lubniewice"]
[Date "1993.??.??"]
[Round "?"]
[White "Sznapik, Aleksander"]
[Black "Matlak, Marek"]
[Result "1/2-1/2"]
[WhiteElo "2420"]
[BlackElo "2430"]

1.e4 d6 2.d4 Nf6 3.Nc3 e5 4.Nf3 Nbd7 5.Bc4 Be7 6.a4 O-O 7.O-O c6 8.Ba2 b6
9.Qe2 a6 10.Rd1 Qc7 11.h3 Bb7 12.dxe5 Nxe5 13.Be3 b5 14.a5 c5 15.Nxe5 dxe5
16.Nd5 Nxd5 17.Bxd5 Bxd5 18.Rxd5 Rfd8 19.c4 Rxd5 20.exd5 b4 21.Qc2 Bd6 22.b3 Re8
23.Qa2 f5 24.Qa4 Kf7 25.f3 Rc8 26.Rf1 Qe7 27.Qa1 Qh4 28.Qe1 Qxe1 29.Rxe1 h5
30.Kf2  1/2-1/2

[Event "Mar del Plata op"]
[Site "Mar del Plata"]
[Date "1993.??.??"]
[Round "1"]
[White "Celis, Gustavo"]
[Black "Iglesias, Alejandro"]
[Result "0-1"]
[WhiteElo "2225"]
[BlackElo "2255"]

1.e4 d6 2.d4 Nf6 3.Nc3 c6 4.g3 Qc7 5.Bg2 e5 6.Nge2 Be7 7.O-O O-O 8.h3 b5
9.Be3 Nbd7 10.a4 b4 11.Nb1 d5 12.exd5 Nxd5 13.Nd2 Nxe3 14.fxe3 Bg5 15.Nc4 Ba6
16.Rf5 f6 17.b3 Rad8 18.e4 Bxc4 19.bxc4 Be3+ 20.Kh2 exd4 21.Nf4 Bxf4 22.Rxf4 Ne5
23.Bf1 c5 24.Bd3 Rd6 25.Qh5 b3 26.Ra3 bxc2 27.Bxc2 d3 28.Bd1 g6 29.Qh6 Qg7
30.Qxg7+ Kxg7 31.Rb3 Rf7 32.Rb1 Nxc4 33.Rc1 Nb2  0-1

[Event "Mar del Plata op"]
[Site "Mar del Plata"]
[Date "1993.??.??"]
[Round "9"]
[White "Herrera, Fernando"]
[Black "Leskovar, Mario"]
[Result "0-1"]
[WhiteElo "2280"]
[BlackElo "2365"]

1.d4 d6 2.e4 Nf6 3.Nc3 e5 4.Nf3 Nbd7 5.Bc4 Be7 6.O-O O-O 7.dxe5 dxe5 8.Qe2 c6
9.Rd1 Qc7 10.Bb3 Nc5 11.h3 a5 12.Bc4 b5 13.Bd3 a4 14.Bg5 Nh5 15.Bxe7 Qxe7
16.Qe3 g6 17.Bf1 a3 18.b3 Re8 19.Rd2 Nf6 20.Re1 b4 21.Nb1 Nfxe4 22.Rdd1 f6
23.c3 Nxc3 24.Nxc3 bxc3 25.Rc1 Ne6 26.Rxc3 Nd8 27.Nd2 Be6 28.Rec1 Bd5 29.Nc4 Ne6
30.Be2 Nd4 31.Nb6 Rad8 32.Bc4 Bxc4 33.Rxc4 Rb8 34.Na4 Rb4 35.Rxb4 Qxb4 36.Rc4 Qd6
37.Nc3 f5 38.Kh1 Rd8 39.Na4 Ne6 40.Nc3 e4 41.Ra4 Qe5 42.Rc4 Rd3 43.Qe1 Nd4
44.Na4 Rxh3+ 45.gxh3 Nf3  0-1

[Event "Martinez Valle op2"]
[Site "Martinez Valle"]
[Date "1993.??.??"]
[Round "7"]
[White "Paglilla, Carlos"]
[Black "Garbarino, Rodolfo"]
[Result "0-1"]
[WhiteElo "2325"]
[BlackElo "2405"]

1.e4 d6 2.d4 Nf6 3.Nc3 c6 4.Nf3 g6 5.h3 Bg7 6.Be3 O-O 7.Bd3 b5 8.O-O Nbd7
9.e5 Ne8 10.exd6 Nxd6 11.Qe2 Nb6 12.Rad1 Bf5 13.Bxf5 Nxf5 14.Ne5 b4 15.Nb1 Qd5
16.c3 Bxe5 17.dxe5 Qxe5 18.Rfe1 Rad8 19.cxb4 Rxd1 20.Rxd1 Nd5 21.a3 Nfxe3
22.fxe3 f5 23.Re1 Rf6 24.Qc2 f4 25.e4 Ne3 26.Qb3+ Kg7 27.Nd2 Qg5 28.Re2 f3
29.Qxe3 fxe2 30.Qxe2 Rd6 31.Nf3 Qc1+ 32.Kh2 Rd1 33.Kg3 g5 34.h4 gxh4+ 35.Kg4 h5+
36.Kf5 Rd6 37.e5 Rg6 38.Ke4 Rg4+ 39.Kd3 Qc4+  0-1

[Event "BLR-ch"]
[Site "Minsk"]
[Date "1993.??.??"]
[Round "?"]
[White "Kupreichik, Viktor D"]
[Black "Berezjuk, Sergej"]
[Result "1/2-1/2"]
[WhiteElo "2560"]
[BlackElo "2435"]

1.e4 d6 2.d4 Nf6 3.Nc3 e5 4.Nf3 Nbd7 5.Bc4 Be7 6.O-O O-O 7.a4 c6 8.a5 Rb8
9.Re1 b5 10.axb6 axb6 11.Bf1 b5 12.Bg5 h6 13.Bxf6 Bxf6 14.d5 b4 15.dxc6 bxc3
16.cxd7 Bxd7 17.b3 Be6 18.Re3 Rc8 19.Qe1 d5 20.exd5 Bf5 21.Bd3 e4 22.Bxe4 Bxe4
23.Rxe4 Qxd5 24.Rd1 Qa8 25.h4 Rfd8 26.Rxd8+ Rxd8 27.Qe2 g6 28.Rf4 Qc6 29.Kf1 Kg7
30.Re4 Rd5 31.g3 Qd6 32.Ra4 Rd1+ 33.Kg2 Qd5 34.Qe4 Qxe4 35.Rxe4 Rd2 36.Ne1 Bd4
37.Rf4 g5 38.hxg5 hxg5 39.Rf5 Kg6 40.g4 f6 41.Kf1 Kf7 42.Nf3 Rxf2+ 43.Ke1 Rxc2
44.Nxd4 Rg2 45.Rc5 Rxg4 46.Nc2 Rg3 47.b4 Ke7 48.Ke2 Rg2+ 49.Kd3 g4 50.Ne3 Rg1
51.Rxc3 Ke6 52.Rc6+ Ke5 53.Rc5+ Ke6 54.Rc4 f5 55.Rf4 g3 56.Ke2 Rb1 57.Rc4 Rb3
58.Nc2 Ke5 59.Rc5+ Ke4 60.Rc4+ Ke5 61.Ne1 Kd5 62.Rf4 Kc6 63.Rd4 Rb2+ 64.Kf3 g2
65.Nxg2 Kb5 66.Rd5+ Kxb4 67.Nf4 Rb3+ 68.Ke2 Kc4 69.Rxf5 Kd4 70.Rf8 Rb2+ 71.Kf3 Rb3+
72.Kg4 Rb1 73.Ne2+ Ke5 74.Re8+ Kd6 75.Re4 Rb8 76.Nf4 Rg8+ 77.Kf3 Ra8 78.Re6+ Kc5
79.Ke4 Ra4+ 80.Ke5 Ra1 81.Nd3+ Kc4 82.Ke4 Rh1 83.Rc6+ Kb5 84.Rc5+ Kb6 85.Rc3 Rh4+
86.Kd5 Rh8 87.Rb3+ Kc7 88.Nf4 Rd8+ 89.Ke5 Rd1 90.Nd5+ Kd7 91.Rb7+ Ke8 92.Nf6+ Kd8
93.Ke6 Re1+ 94.Kd6 Rd1+ 95.Nd5 Ke8 96.Re7+ Kf8 97.Re2 Ra1 98.Ke6 Ra6+ 99.Ke5 Ra5
100.Rc2 Kf7 101.Rc6 Rb5 102.Rd6 Rb1 103.Rd7+ Kf8 104.Nf4 Ke8 105.Rh7 Re1+
106.Kd6 Rd1+ 107.Nd5 Kf8 108.Ke6 Re1+ 109.Kf5 Rf1+ 110.Nf4 Ke8 111.Ra7 Kd8
112.Ke5 Re1+ 113.Kd6 Rd1+ 114.Nd5 Ke8 115.Rg7 Kf8 116.Rg5 Kf7 117.Rf5+ Kg6
118.Rf3 Kg5 119.Ke5 Re1+ 120.Ne3 Kg6 121.Ke6 Kg5 122.Kf7 Ra1 123.Rf5+ Kh4  1/2-1/2

[Event "Minsk"]
[Site "Minsk"]
[Date "1993.??.??"]
[Round "?"]
[White "Dragomarezkij, Evgeni"]
[Black "Kruppa, Yuri"]
[Result "1-0"]
[WhiteElo "2465"]
[BlackElo "2475"]

1.d4 d6 2.e4 Nf6 3.Nc3 c6 4.Nf3 Bg4 5.Be2 e6 6.Be3 d5 7.exd5 cxd5 8.Ne5 Bxe2
9.Nxe2 Bd6 10.Nd3 Nc6 11.c3 O-O 12.O-O b5 13.a3 a5 14.b4 Ra7 15.Bf4 Bxf4
16.Nexf4 Ne4 17.Nc5 Qd6 18.Nxe4 dxe4 19.Qg4 f5 20.Qg5 h6 21.Qg6 Rf6 22.Qg3 Rff7
23.a4 axb4 24.axb5 Nd8 25.Ne2 f4 26.Qg6 f3 27.Ng3 fxg2 28.Kxg2 Rxa1 29.Rxa1 bxc3
30.Qxe4 Rf8 31.Rc1 Qb4 32.Qd3 Nf7 33.Rxc3 Ng5 34.Qc4 Qb2 35.Rc2 Qa3 36.h4 Nf3
37.Qxe6+ Kh7 38.Qe4+ Kh8 39.b6 Qb3 40.Rc6 Qd1 41.Nf5 Ne1+ 42.Kh2 Nd3 43.b7 Qd2
44.Qe3  1-0

[Event "Minsk-C"]
[Site "Minsk"]
[Date "1993.??.??"]
[Round "3"]
[White "Krylov, Stanislav"]
[Black "Eriksson, Johan"]
[Result "1-0"]
[WhiteElo "2285"]
[BlackElo "2200"]

1.e4 d6 2.d4 Nf6 3.Nc3 c6 4.Be3 e5 5.dxe5 dxe5 6.Qxd8+ Kxd8 7.Nf3 Bd6 8.O-O-O Ke7
9.Ng5 Be6 10.Nxe6 fxe6 11.f3 Nbd7 12.g3 Bc5 13.Bd2 b5 14.Be2 a6 15.Rdf1 Rad8
16.Nd1 Bb6 17.Nf2 c5 18.c4 b4 19.Nd3 Bc7 20.Be3 Bd6 21.b3 a5 22.Rd1 Ra8 23.Rd2 a4
24.Bd1 axb3 25.Bxb3 Ra5 26.Rhd1 Rha8 27.g4 Rb8 28.Kb1 Nf8 29.h4 h5 30.gxh5 Nxh5
31.Bg5+ Nf6 32.f4 Nd7 33.f5 exf5 34.exf5 e4 35.Nf2 e3 36.Bxe3 Be5 37.Bg5 Bd4
38.Nd3 Kf7 39.Re2 Rb6 40.Rde1 Kg8 41.Nf4 Bc3 42.Rd1 Nb8 43.Re7 Nc6 44.Re6 Rb7
45.Nd5 Kh7 46.Bxf6 Bxf6 47.Nxf6+ gxf6 48.Rdd6 Nd4 49.Rxf6 Rg7 50.Rh6+ Kg8
51.Rxd4 cxd4 52.c5+ Rf7 53.Rf6  1-0

[Event "Mlada Boleslav op"]
[Site "Mlada Boleslav"]
[Date "1993.??.??"]
[Round "?"]
[White "Buchnicek, Petr"]
[Black "Panchenko, Alexandar G"]
[Result "1-0"]
[WhiteElo "2180"]
[BlackElo "2475"]

1.e4 Nf6 2.Nc3 d6 3.d4 e5 4.dxe5 dxe5 5.Qxd8+ Kxd8 6.Bg5 Be6 7.f4 exf4 8.e5 h6
9.Bh4 g5 10.exf6 gxh4 11.Nge2 Bd6 12.Ne4 Be5 13.O-O-O+ Kc8 14.Nd4 Bxd4 15.Rxd4 Nc6
16.Rd2 Ne5 17.Nc5 Bf5 18.Bb5 a6 19.Ba4 b6 20.Rd5 bxc5 21.Rxe5 Be6 22.Rf1 Rb8
23.Rxc5 Rb4 24.Bc6 Rg8 25.a3 Rd4 26.c3 Rd6 27.Be4 Bb3 28.Rc6 Rgd8 29.Rxd6 Rxd6
30.Bc2 Bxc2 31.Kxc2 Rxf6 32.Rf2 Kd7 33.Kd3 Ke6 34.Ke4 h3 35.gxh3 f3 36.b4 Rf5
37.c4 f6 38.Rxf3 Rxf3 39.Kxf3 Ke5 40.Ke3 h5 41.a4 c6 42.h4 f5 43.b5 f4+ 44.Kf3 cxb5
45.cxb5 a5 46.h3  1-0

[Event "Mlada Boleslav op"]
[Site "Mlada Boleslav"]
[Date "1993.??.??"]
[Round "?"]
[White "Keitlinghaus, Ludger"]
[Black "Modrova, Hana"]
[Result "1-0"]
[WhiteElo "2485"]
[BlackElo "2030"]

1.e4 d6 2.d4 Nf6 3.Nc3 c6 4.f4 Qa5 5.Bd3 e5 6.Nf3 Bg4 7.Be3 Nbd7 8.Qd2 Bxf3
9.gxf3 exd4 10.Bxd4 Nc5 11.Bf1 Ne6 12.Be3 O-O-O 13.f5 Nc7 14.O-O-O b5 15.Kb1 b4
16.Ne2 Nb5 17.Nd4 Nxd4 18.Qxd4 c5 19.Qd3 Be7 20.Qb3 d5 21.e5 c4 22.Bxc4 dxc4
23.Qxc4+ Kb8 24.exf6 Bxf6 25.Bf4+ Kb7 26.Qxf7+ Ka6 27.Be3  1-0

[Event "Moscow blitz"]
[Site "Moscow"]
[Date "1993.??.??"]
[Round "?"]
[White "Ivanchuk, Vassily"]
[Black "Epishin, Vladimir"]
[Result "1/2-1/2"]
[WhiteElo "2710"]
[BlackElo "2620"]

1.d4 d6 2.e4 Nf6 3.Nc3 e5 4.Nf3 Nbd7 5.Bc4 Be7 6.O-O O-O 7.Re1 c6 8.a4 Re8
9.a5 h6 10.Bf1 Qc7 11.h3 Bf8 12.Be3 exd4 13.Bxd4 Ne5 14.Nd2 g5 15.g3 Bg7
16.Bg2 h5 17.f4 gxf4 18.gxf4 Ng6 19.Qf3 Bd7 20.Kh1 b5 21.axb6 axb6 22.Rxa8 Rxa8
23.e5 dxe5 24.fxe5 Nh7 25.Nb5 Qd8 26.Nd6 Ng5  1/2-1/2

[Event "Mravinci"]
[Site "Mravinci"]
[Date "1993.??.??"]
[Round "?"]
[White "Rosandic, Denis"]
[Black "Kiss, Attila"]
[Result "0-1"]
[WhiteElo "2340"]
[BlackElo "2365"]

1.e4 d6 2.d4 Nf6 3.Nc3 Nbd7 4.Nf3 e5 5.Bc4 Be7 6.O-O O-O 7.h3 c6 8.a4 h6
9.dxe5 dxe5 10.Be3 Bb4 11.Na2 Ba5 12.Qd3 Bb6 13.Rfd1 Bxe3 14.Qxe3 Qb6 15.Qe2 Re8
16.b3 Nf8 17.Rd6 Ng6 18.Nc3 a5 19.Qd2 Qc5 20.Rd8 Kf8 21.Rd1 Rxd8 22.Qxd8+ Ne8
23.Ne2 b5 24.axb5 cxb5 25.Rd5 Qa7 26.Rxb5 Bd7 27.Rxa5 Qxa5 28.Qxd7 Ra7 29.Qd3 Qc5
30.g3 Nd6 31.Bd5 f6 32.c3 Ra3 33.Qd2 Ne7 34.b4 Qb5 35.c4 Nxc4  0-1

[Event "Munich op9293"]
[Site "Munich"]
[Date "1993.??.??"]
[Round "3"]
[White "Kindermann, Stefan"]
[Black "Schmidt Schaeffer, Sebastian"]
[Result "1/2-1/2"]
[WhiteElo "2505"]
[BlackElo "2260"]

1.e4 d6 2.d4 Nf6 3.Nc3 e5 4.Nf3 Nbd7 5.Bc4 Be7 6.O-O O-O 7.a4 c6 8.Re1 b6
9.d5 cxd5 10.Nxd5 Nxd5 11.Bxd5 Rb8 12.Qd3 Qc7 13.Be3 Nf6 14.Bb3 h6 15.Bd2 Nd7
16.Bb4 Nc5 17.Bxc5 dxc5 18.Bd5 Bf6 19.Nd2 a6 20.Qe2 Rd8 21.Ra3 g6 22.h3 Kg7
23.Rf3 Rd7 24.Ra1 Qd8 25.Nc4 b5 26.axb5 axb5 27.Ne3 h5 28.c4 b4 29.Nc2 Rb6
30.Ne1 Ra6 31.Rd1 Qc7 32.Nd3 Bg5 33.Ne1 f6 34.Rfd3 Re7 35.Nf3 Bh6 36.Nh2 Ra2
37.Rf3 Qb6 38.h4 Rea7 39.Rfd3 Ra1 40.Nf1 Bg4 41.f3 Bc8 42.Qf2  1/2-1/2

[Event "Munich op9293"]
[Site "Munich"]
[Date "1993.??.??"]
[Round "9"]
[White "Ankerst, Milka"]
[Black "Bachler, Reinhardt"]
[Result "0-1"]
[WhiteElo "2155"]
[BlackElo "2230"]

1.e4 d6 2.d4 Nf6 3.Nc3 Nbd7 4.f4 e5 5.Nf3 exd4 6.Qxd4 Be7 7.Bd2 O-O 8.O-O-O c6
9.h3 b5 10.g4 c5 11.Qe3 b4 12.Nd5 Nxd5 13.exd5 Nb6 14.Qe4 Bb7 15.Be1 Qd7
16.c4 bxc3 17.Bxc3 Rfe8 18.Bc4 Bf6 19.Qd3 Nxc4 20.Qxc4 Bxc3 21.bxc3 Re3 22.Rd3 Rxd3
23.Qxd3 Qa4 24.Qd2 Qe4 25.Rf1 Bxd5 26.Ng5 Qc4 27.Rd1 h6 28.Qd3 hxg5  0-1

[Event "Nagykanizsa op"]
[Site "Nagykanizsa"]
[Date "1993.??.??"]
[Round "6"]
[White "Zemerov, Vladimir"]
[Black "Burmakin, Vladimir"]
[Result "1/2-1/2"]
[WhiteElo "2420"]
[BlackElo "2460"]

1.e4 d6 2.d4 Nf6 3.Nc3 Nbd7 4.Be3 e5 5.f3 c6 6.Qd2 Be7 7.Nge2 O-O 8.g4 Nb6
9.b3 exd4 10.Nxd4 d5 11.g5 Nh5 12.Nde2 dxe4 13.Qxd8 Rxd8 14.fxe4 f6 15.h4 Bg4
16.Rg1 f5 17.exf5 Bxf5 18.Nd4 Bb4 19.O-O-O Bxc3 20.Nxf5 Rxd1+ 21.Kxd1 Rd8+
22.Kc1 g6 23.Nh6+ Kg7  1/2-1/2

[Event "FRA-ch"]
[Site "Nantes"]
[Date "1993.??.??"]
[Round "4"]
[White "Santo Roman, Marc"]
[Black "Chabanon, Jean Luc"]
[Result "1-0"]
[WhiteElo "2420"]
[BlackElo "2415"]

1.e4 d6 2.d4 Nf6 3.Nc3 e5 4.dxe5 dxe5 5.Qxd8+ Kxd8 6.Bg5 Be6 7.g3 Nd7 8.f4 h6
9.Bxf6+ Nxf6 10.O-O-O+ Kc8 11.Nf3 exf4 12.gxf4 g6 13.f5 gxf5 14.exf5 Bxf5
15.Ne5 Be6 16.Nxf7 Bxf7  1-0